Leistungs- und Effektivitätsvergleich in der Industrie und zwischen Territorien unter Nutzung der Instrumentarien von Rechnungsführung und Statistik sowie der Mikrorechnentechnik
Salvato in:
| Natura: | Libro |
|---|---|
| Lingua: | tedesco |
| Pubblicazione: |
Berlin
Hochschule für Ökonomie "Bruno Leuschner"
1988
|
| Edizione: | 1. Aufl. |
| Serie: | Konferenzbeiträge
Heft 101 |
| Tags: |
Nessun Tag, puoi essere il primo ad aggiungerne!!
|
MARC
| LEADER | 00000nam a2200000 4500 | ||
|---|---|---|---|
| 001 | c029043 | ||
| 005 | 20221219111128.2 | ||
| 041 | 0 | |a ger | |
| 044 | |a DE | ||
| 245 | 1 | 0 | |a Leistungs- und Effektivitätsvergleich in der Industrie und zwischen Territorien unter Nutzung der Instrumentarien von Rechnungsführung und Statistik sowie der Mikrorechnentechnik |
| 250 | |a 1. Aufl. | ||
| 264 | 1 | |a Berlin |b Hochschule für Ökonomie "Bruno Leuschner" |c 1988 | |
| 300 | |a 237 s. | ||
| 490 | 1 | |a Konferenzbeiträge |v Heft 101 | |
| 830 | 0 | |a Konferenzbeiträge |v Heft 101 | |